| 000 | 01125nam a2200217Ia 4500 | ||
|---|---|---|---|
| 999 |
_c50992 _d50992 |
||
| 001 | 17949 | ||
| 003 | GE_BSU | ||
| 005 | 20200302111955.0 | ||
| 008 | 181216s1960ge xx |||||||||||||| ||geo|| | ||
| 040 | _cGE_BSU | ||
| 041 | _ageo | ||
| 080 | _a811.353(058) ს-32 | ||
| 245 |
_aსაქართველოს სსრ მეცნიერებათა აკადემია : _bმოამბე II : ხელნაწერთა ინსტიტუტი / _cრედ.ი.აბულაძე |
||
| 264 |
_aთბილისი : _bსაქ. სსრ აკად.გამ-ბა, _c1960. |
||
| 300 |
_a228 გვ.: _c26 სმ. |
||
| 500 | _aმიძღვნილია საქართველოში საბჭოთა ხელისუფლების დამყარების 40 წლისთავისადმი | ||
| 653 | _aმოამბე II | ||
| 653 | _aსაქართველოს სსრ მეცნიერებათა აკადემია | ||
| 700 |
_a.აბულაძე, ი _eრედაქტორი _93805 |
||
| 942 |
_cBK _2udc |
||